Statystyki dla 50 Najbardziej Rozwiniętych Krajów Według Wskaźnika Rozwoju Społecznego (HDI) na rok 2015

Kliknij tutaj aby rozwiązać quiz!

Ogólne statystyki

  • Ten quiz został rozwiązany 2 398 razy
    (2 393 od ostatniego zresetowania)
  • Średni wynik to 37 z 50

Statystyki odpowiedzi

PozycjaNazwa Kraju% Poprawnych
35Polska
99%
6Niemcy
95%
19Japonia
94%
9Kanada
94%
21Francja
93%
25Hiszpania
93%
13Szwecja
93%
1Norwegia
92%
50Rosja
92%
8Stany Zjednoczone
90%
23Finlandia
89%
42Portugalia
88%
14Wielka Brytania
88%
26Włochy
88%
2Australia
86%
27Czechy
86%
3Szwajcaria
85%
5Holandia
84%
34Słowacja
84%
22Austria
83%
20Belgia
83%
4Dania
83%
36Litwa
82%
28Grecja
81%
46Chorwacja
80%
16Korea Południowa
80%
45Łotwa
80%
29Estonia
79%
18Luksemburg
78%
7Irlandia
77%
15Islandia
76%
24Słowenia
76%
43Węgry
75%
10Nowa Zelandia
73%
39Argentyna
71%
38Arabia Saudyjska
69%
32Katar
62%
40Zjednoczone Emiraty Arabskie
62%
12Liechtenstein
60%
41Chile
59%
33Andora
57%
17Izrael
57%
37Malta
54%
11Singapur
54%
49Białoruś
50%
31Cypr
47%
47Kuwejt
46%
44Bahrajn
36%
48Czarnogóra
36%
30Brunei
18%

Rozkład punktacji

Percentyl według liczby udzielonych odpowiedzi

Procent ludzi z każdym wynikiem

Twoja historia wyników

Nie rozwiązałeś tego quizu od ostatniego zresetowania